| 000 | 00646nam a2200193 a 4500 | ||
|---|---|---|---|
| 008 | 120416s2005 ||||||||||||||||| || u | ||
| 020 | _a140512038X | ||
| 050 | _aTP 659 Tec | ||
| 100 | _aDege, Nicholas | ||
| 245 | 1 | 0 |
_aTechnology of bottled water _cedited by Dorothy Senior |
| 250 | _a2nd ed. | ||
| 260 |
_aOxford _bBlackwell Pub _c2005. |
||
| 300 | _axvi, 411p. : ill. | ||
| 350 | _a0.00 | ||
| 500 | _aBibliography. | ||
| 650 | _aBOTTLING | ||
| 650 | _aBOTTLED WATER | ||
| 995 |
_D0.00 _FCBU-MAIN LIBRARY (Kitwe) _H1 _I30.00 _M1 _UAVAILABLE _WJul 6, 2006 _ZMain Library Open Access Collection |
||
| 999 |
_c59589 _d59589 |
||